| 000 | 00510nam a2200193 a 4500 | ||
|---|---|---|---|
| 001 | 1770453312919 | ||
| 003 | YourLibrary | ||
| 005 | 20260207140844.0 | ||
| 008 | 260207s1997##################000#0#eng## | ||
| 020 | _a9781858985435 | ||
| 082 | 0 | 4 |
_a330.17 _bPEJ |
| 100 | 1 |
_aPejovich, Svetozar, _eauthor. |
|
| 245 | 1 | 0 | _aThe Economic Foundations of Property Rights : |
| 260 | _c1997. | ||
| 300 | _a328 pages | ||
| 650 | 0 | _aBusiness & Economics. | |
| 942 | _cENGLISH | ||
| 040 |
_aYourLibrary _beng _cYourLibrary |
||
| 999 |
_c611051 _d611051 |
||